000 00757nas a2200253 4500
001 BR9203762
003 BR-BrBNA
005 20231205095055.0
007 ta
008 230509b bl.|||p| |||| 00| 00por d
040 _aBR-BrBNA
_bpor
_cBiblioteca Nacional de Agricultura
041 _a(Pt)
072 _aL70
100 1 _aEurides, D.
100 1 _aKayano, M.N.
100 1 _aSilva, F.O.C. e
245 1 _aAnestesia dos nervos isquiadico e femural nas intervencoes cirurgicas de caes
650 _aCao
650 _aVeterinaria
650 _aCirurgia
773 0 _tRevista do Centro de Ciencias Rurais (Brazil)
_xISSN 0085-5901
_g(Jan-Mar 1988), v. 18(1) p. 75-79
_wBR9203762
909 _a202311
_bLúcia
_c55
_dLúcia Elande
942 _2AGRIS
_n0
_cANA
999 _c148579
_d148579